000 00569nam a2200217Ia 4500
003 LK-CoDNM
005 20240318140531.0
008 010623t1914 xxu||||| |||| 00| 1 Sanskrit d
040 _aLK-CoDNM
_dLK-CoDNM
_eLK-CoDNM
041 _aSanskrit
_asin
080 _a104 II11
245 _aබෞද්ධ සහෝදරයා
246 _aBauddha Sahodaraya
260 _bThe Buddhist Fraternal Association
_aColombo
_c1914
300 _bDamaged
_a13p.,24 cm
650 _aBuddhism
650 _aHistory
650 _aIndia
650 _aReligion
942 _cBK
999 _c88218
_d88218